| 000 | 01136nam a2200265 i 4500 | ||
|---|---|---|---|
| 001 | 153057 | ||
| 003 | ES-MaACL | ||
| 005 | 20250603171456.0 | ||
| 008 | 931025s1787 sp |||| | spa d | ||
| 080 | _a312(460)"1787" | ||
| 245 | 0 | 0 | _aCenso español executado de Orden del Rey, comunicada por el... Conde de Floridablanca... en el año de 1787. |
| 260 |
_a[Madrid] : _ben la Imprenta Real, _c[1787?] |
||
| 300 |
_a[4], [6], XLIII h. ; _cFol. |
||
| 530 | _aDisponible en formato digital. | ||
| 597 | _aSin signaturizar. | ||
| 597 | _aError tip. de fol., en h. XVIII consta XIX. | ||
| 597 | _aLas [6] y XLIII h. impresas por una sola cara, hasta h. XXXV son dobles. | ||
| 597 | _aPort. con esc. xil. real | ||
| 651 | 7 |
_aEspaña- _xCensos _2 _9155755 |
|
| 700 | 1 |
_aFloridablanca, José Moñino _c, Conde de. _951333 |
|
| 852 | 4 |
_aES-MaACL _jR-2064 _z- Enc. piel marrón con hierros _x- Olim: G-2230. |
|
| 852 | 4 |
_aES-MaACL _jR-2065 _z- Enc. piel marrón con hierros _x- Olim: C-12382. |
|
| 856 | 4 |
_uhttp://bdh-rd.bne.es/viewer.vm?id=0000046020&page=1 _zBiblioteca Digital Hispánica |
|
| 999 |
_c153057 _d153057 |
||